1585 1538 1616 1049 1197 1632 1510 1911 1471 1373 1332 1610 1257 1830 1820 1067 1100 1659 1697 1081 1292 1884 1080 1035 1921 1926 1871 1664 1061 1823 1599 1286 1496 1416 1653 1086 1209 1747 1765 1842 1190 1939 1304 1188 1096 1246 1902 1395 1477 1590 1308 1074 1648 1808 1604 1098 1417 1856 1641 1086 1055 1432 1865 1354 1639 1472 1621 1464 1368 1681 1921 1767 1818 1058 1667 1194 1477 1678 1455 1684 1976 1039 1702 1865 1774 1041 1326 1031 1430 1601 1233 1819 1423 1052 1528 1971 1893 1100 1513 BCNSPRNW ULIB Ver.6.0+V

เปลี่ยนเป็นภาษาไทย

Change to English
 แสดงรายละเอียดบรรณานุกรม
  กลับหน้าหลัก

Brief Record : Get Marc (ISO 2709) : E-mail record : QR code < ปิดหน้าต่าง
LEADER : 00000nam 2200000uu 4500
001    13399109257
003     ULIB
008    110325s2545||||th 000 0 tha d
020    9748317501
060 04 WA540.JT3^bร228 2545
245 00 ระบบสุขภาพที่คนไทยต้องการ(2) /^cบรรณาธิการ, ขวัญใจ เอมใจ,วณี ปิ่นประทีป
246 13 ระบบสุขภาพที่คนไทยต้องการ
246 13 จุดประกายปฏิรูประบบสุขภาพ :^bระบบสุขภาพที่คนไทยต้องการ
250    พิมพ์ครั้งที่ 1
260    นนทบุรี :^bสำนักงานปฏิรูประบบสุขภาพแห่งชาติ,^c2545
300    [6], 86 หน้า ;^c21 ซม.
500    ชื่อเรื่องหลังหน้าปกใน: จุดประกายปฏิรูประบบสุขภาพ :ระบบสุขภาพที่คนไทยต้องการ (2) (สรุปการสัมมนา 6 เวทีภูมิภาคเพื่อการปฏิรูประบบสุขภาพ)
591    LISI มีปี 2545
653    การปฏิรูประบบสุขภาพ
653    ระบบสุขภาพ
653    นโยบายด้านสุขภาพ
700 0  ขวัญใจ เอมใจ,^eบรรณาธิการ
700 0  วณี ปิ่นประทีป
710 2  สำนักงานปฏิรูประบบสุขภาพแห่งชาติ
945    ^p0^l0^i015412
945    ^p0^l0^i015413
945    ^p0^l0^i015411
995    ศพร
999 ^a ใช้งานได้ทุกระบบ
รายการนี้ยังไม่มีแท็ก
คุณยังไม่ได้ล็อกอิน คุณสามารถมีกิจกรรมร่วมกับเว็บไซต์ได้ แต่ต้องล็อกอินก่อน ::
  ล็อกอิน

รายการสื่อสารสนเทศ

ลำดับที่ ประเภท เลขเรียก/บาร์โค้ด สถานที่ สถานะ
- ไม่พบข้อมูล -

BibComment


ยังไม่เคยถูกคอมเมนท์

คอมเมนท์ทรัพยากรรายการนี้
  คอมเมนท์: ระบบสุขภาพที่คนไท..


 Copyright 2026. Bcnsprnw @Library